Statistiken für Alle Binnenstaaten Europas

Klicken Sie hier um das Quiz zu spielen!

Allgemein

  • Dieses Quiz wurde 264 mal gespielt
  • Das Durchschnittsergebnis liegt bei 14 aus 15

Antwortstatistiken

Land% Korrekt
Slowakei
99%
Schweiz
98%
Tschechien
98%
Liechtenstein
97%
Luxemburg
97%
Österreich
97%
San Marino
97%
Ungarn
96%
Andorra
95%
Vatikan
94%
Nordmazedonien
93%
Weißrussland
93%
Kosovo
92%
Serbien
92%
Moldawien
88%

Verteilung der Resultate

Perzentil nach korrekt beantworteten Fragen

Anzahl Personen mit jedem Resultat

Ihre Resultats-Entwicklung

Sie haben dieses Quiz noch nicht gespielt